Weighing up the costs of liability (Record no. 67990)
[ view plain ]
| 000 -LEADER | |
|---|---|
| fixed length control field | 01465cam a2200265 4500 |
| 001 - CONTROL NUMBER | |
| control field | ABS64433 |
| 008 - FIXED-LENGTH DATA ELEMENTS--GENERAL INFORMATION | |
| fixed length control field | 010813n2001 000 0 eng u |
| 035 ## - SYSTEM CONTROL NUMBER | |
| System control number | (Sirsi) u114068 |
| 100 ## - MAIN ENTRY--PERSONAL NAME | |
| Personal name | Cottam, G |
| 245 ## - TITLE STATEMENT | |
| Title | Weighing up the costs of liability |
| 260 ## - PUBLICATION, DISTRIBUTION, ETC. | |
| Date of publication, distribution, etc. | 2001 |
| 490 ## - SERIES STATEMENT | |
| Series statement | Construction News |
| Volume/sequential designation | (6728) 9 August 2001, 12(1) |
| 520 ## - SUMMARY, ETC. | |
| Summary, etc. | In the case of "Merrett v Babb", surveyor John Babb was found personally liable for negligence in a survey he had conducted in 1992. He was no longer covered by the Professional Indemnity insurance of his then employer, which had subsequently gone bust. Disclaimers purporting to relieve a firm of professionals and its employees of liability are likely to be worthless. Such disclaimers have, in two recent cases, been found to be unreasonable under the terms of the Unfair Contract Terms Act 1977. Potentially, any professional - not just a surveyor - could be caught out like Mr Babb. They would do well to seek personal insurance cover if there is any likelihood that their employer's PI insurance does not cover them after their employment ends. |
| 590 ## - LOCAL NOTE (RLIN) | |
| Local note | ABS |
| 650 ## - SUBJECT ADDED ENTRY--TOPICAL TERM | |
| Topical term or geographic name entry element | NEGLIGENCE |
| 650 ## - SUBJECT ADDED ENTRY--TOPICAL TERM | |
| Topical term or geographic name entry element | PROFESSIONAL INDEMNITY |
| 650 ## - SUBJECT ADDED ENTRY--TOPICAL TERM | |
| Topical term or geographic name entry element | PROFESSIONAL INDEMNITY INSURANCE |
| 650 ## - SUBJECT ADDED ENTRY--TOPICAL TERM | |
| Topical term or geographic name entry element | PROFESSIONAL LIABILITY |
| 650 ## - SUBJECT ADDED ENTRY--TOPICAL TERM | |
| Topical term or geographic name entry element | PERSONAL LIABILITY |
| 650 ## - SUBJECT ADDED ENTRY--TOPICAL TERM | |
| Topical term or geographic name entry element | MERRETT V BABB |
| 650 ## - SUBJECT ADDED ENTRY--TOPICAL TERM | |
| Topical term or geographic name entry element | SMITH V BUSH |
| 650 ## - SUBJECT ADDED ENTRY--TOPICAL TERM | |
| Topical term or geographic name entry element | HARRIS V WYRE FOREST DC |
| 690 ## - LOCAL SUBJECT ADDED ENTRY--TOPICAL TERM (OCLC, RLIN) | |
| Topical term or geographic name as entry element | PROFESSIONAL PRACTICE-NEGLIGENCE |
| 942 ## - ADDED ENTRY ELEMENTS (KOHA) | |
| Suppress in OPAC | 0 |
| Withdrawn status | Lost status | Source of classification or shelving scheme | Damaged status | Not for loan | Home library | Current library | Shelving location | Date acquired | Total Checkouts | Full call number | Barcode | Date last seen | Copy number | Price effective from | Koha item type |
|---|---|---|---|---|---|---|---|---|---|---|---|---|---|---|---|
| Dewey Decimal Classification | London | London | Journal article | 13/08/2001 | ABS64433 | 114068-1001 | 06/08/2019 | 1 | 06/08/2019 | Journal article |